Detalles MARC
| 000 -CABECERA |
| campo de control de longitud fija |
04465ngm a22003610a 4500 |
| 001 - NÚMERO DE CONTROL |
| campo de control |
PT16048 |
| 003 - IDENTIFICADOR DEL NÚMERO DE CONTROL |
| campo de control |
AR-LpoUNG |
| 005 - FECHA Y HORA DE LA ÚLTIMA TRANSACCIÓN |
| campo de control |
20210202000201.0 |
| 007 - CAMPO FIJO DE DESCRIPCIÓN FÍSICA--INFORMACIÓN GENERAL |
| campo de control de longitud fija |
vd cvaizq |
| 008 - DATOS DE LONGITUD FIJA--INFORMACIÓN GENERAL |
| campo de control de longitud fija |
191001s1970||||ag |||||||||||||||||spa d |
| 037 ## - FUENTE DE ADQUISICIÓN |
| Condiciones de disponibilidad |
$11.66 |
| 040 ## - FUENTE DE LA CATALOGACIÓN |
| Centro catalogador/agencia de origen |
AR-LpoUNG |
| Lengua de catalogación |
spa |
| Centro/agencia transcriptor |
AR-LpoUNG |
| Normas de descripción |
aacr |
| 041 ## - CÓDIGO DE LENGUA |
| Código de lengua del texto/banda sonora o título independiente |
spa |
| 044 ## - CÓDIGO DEL PAÍS DE LA ENTIDAD EDITORA/PRODUCTORA |
| Código MARC del país |
ag |
| 082 0# - NÚMERO DE LA CLASIFICACIÓN DECIMAL DEWEY |
| Número de clasificación |
972.03 554mex |
| 100 1# - ENTRADA PRINCIPAL--NOMBRE DE PERSONA |
| Nombre de persona |
Gleyzer, Raymundo |
| Término indicativo de función/relación |
dir. |
| 245 10 - MENCIÓN DE TÍTULO |
| Título |
México : |
| Resto del título |
la revolución congelada |
| 260 ## - PUBLICACIÓN, DISTRIBUCIÓN, ETC. |
| Lugar de publicación, distribución, etc. |
Buenos Aires : |
| Nombre del editor, distribuidor, etc. |
Blackman, |
| Fecha de publicación, distribución, etc. |
1970. |
| 300 ## - DESCRIPCIÓN FÍSICA |
| Extensión |
VHS (63 min.) : son., col. |
| 520 ## - SUMARIO, ETC. |
| Sumario, etc. |
Para pensar el fenómeno revolucionario mexicano, Raymundo Gleyzer, enmarca su documental en el intersticio que definen dos circunstancias históricas: los sucesos propios de la revolución mexicana, cuyo comienzo se sitúa con el levantamiento contra el porfiriato en 1910, y, como extremo opuesto, el presente en el que se realiza esta película y que encuentra ya cristalizadas las formas revolucionarias en el aparato burocrático estatal. Así, a partir de un continuo movimiento de idas y venidas, el film recorrerá la historia de la revolución mexicana con el fin de contraponer lo que fue la emergencia de un conjunto revolucionario cuyo propósito era cuestionar las formaciones sociales hegemónicas y una posterior institucionalización que desmiente su propio origen. Entre las imágenes de los revolucionarios de principio de siglo y aquellas de las campañas políticas del PRI en los '70, entre el discurso oligárquico y el campesino, va emergiendo en este documental la figura de una revolución cuya ausencia de sustento ideológico terminó convirtiéndola en aquello que combatía. Originada como levantamiento contra los usos dictatoriales de un poder que, simulando un funcionamiento democrático, no era sino la copia absurda y anacrónica de las monarquías europeas, cuyo dominio imponía un sistema casi feudal de explotación de las tierras, la revolución acabó imponiendo un reemplazo del sistema social que no logró, sin embargo, abolir la explotación del hombre por el hombre. La esclavitud y la miseria de los campesinos y los indígenas, la posesión por parte de empresas multinacionales de los recursos propios, el abuso del poder (ahora sustentado en una estructura partidaria análoga a la estatal) y la emergencia de una nueva forma burguesa de dominio, acabarían por desmentir el mito revolucionario mexicano, igualmente sumido en la derrota que el capitalismo impone a los países latinoamericanos. En este sentido, logra desmontar es aquella que hace pasar por movimiento revolucionario popular lo que efectivamente se convierte en ascenso de la burguesía. La revolución mexicana, desde esta perspectiva, queda contextualizada en el desplazamiento iniciado por la revolución francesa, el cual, como es sabido, determina el pasaje del sistema monárquico al burgués, perdiendo, por lo tanto, su legendario ropaje (sostenido por el propio PRI) que la ubicaba en la vanguardia política del siglo XX y terminando confinada a la triste categoría de copia desfasada, irreal, paródica. Una revolución desplazada en el tiempo y el espacio: demasiado lejana de los grandes centros industriales y separada por más de un siglo del original que copia, termina reproduciendo sintéticamente las contradicciones del mundo periférico latinoamericano, cuyo discurso dominante buscaba homologarse con el europeo. A partir de este rechazo de la condición revolucionaria de la historia mexicana moderna, la película va definiendo su propia concepción de lo revolucionario. Así, escuchamos a la voz over decir "la única revolución es la socialista", construyendo una perspectiva política nueva que pretende diferenciarse de los movimientos que la antecedieron y que fundamenta su diferencia en el reconocimiento del fundamento ideológico de su propia acción. Es entonces que la película de Gleyzer logra definir su lugar de enunciación y duplica, por este motivo, su propia direccionalidad: en busca de un revisionismo histórico, pero también, hacia una definición de las categorías que determinan su perspectiva cinematográfica. |
| 650 #4 - PUNTO DE ACCESO ADICIONAL DE MATERIA--TÉRMINO DE MATERIA |
| Término de materia o nombre geográfico como elemento de entrada |
CAMBIO SOCIAL |
| 650 #4 - PUNTO DE ACCESO ADICIONAL DE MATERIA--TÉRMINO DE MATERIA |
| Término de materia o nombre geográfico como elemento de entrada |
DESARROLLO POLITICO |
| 650 #4 - PUNTO DE ACCESO ADICIONAL DE MATERIA--TÉRMINO DE MATERIA |
| Término de materia o nombre geográfico como elemento de entrada |
ESPAÑA |
| 650 #4 - PUNTO DE ACCESO ADICIONAL DE MATERIA--TÉRMINO DE MATERIA |
| Término de materia o nombre geográfico como elemento de entrada |
GUERRA CIVIL |
| 650 #4 - PUNTO DE ACCESO ADICIONAL DE MATERIA--TÉRMINO DE MATERIA |
| Término de materia o nombre geográfico como elemento de entrada |
GUERRILLEROS |
| 650 #4 - PUNTO DE ACCESO ADICIONAL DE MATERIA--TÉRMINO DE MATERIA |
| Término de materia o nombre geográfico como elemento de entrada |
HISTORIA SOCIAL |
| 650 #4 - PUNTO DE ACCESO ADICIONAL DE MATERIA--TÉRMINO DE MATERIA |
| Término de materia o nombre geográfico como elemento de entrada |
MOVIMIENTOS SOCIALES |
| 650 #4 - PUNTO DE ACCESO ADICIONAL DE MATERIA--TÉRMINO DE MATERIA |
| Término de materia o nombre geográfico como elemento de entrada |
POLITICA |
| 653 ## - TÉRMINO DE INDIZACIÓN--NO CONTROLADO |
| Término no controlado |
DOCUMENTALES |
| 653 ## - TÉRMINO DE INDIZACIÓN--NO CONTROLADO |
| Término no controlado |
VIDEOS |
| 905 ## - ELEMENTOS DE DATOS E LOCAL, LDE (RLIN) |
| a |
16048 |
| 942 ## - ELEMENTOS DE PUNTO DE ACCESO ADICIONAL (KOHA) |
| Tipo de ítem Koha |
Video |